00402nam a2200193Ia 4500003000900000008004100009040001300050040001300063041000800076100001900084245002300103250000900126260001200135260000900147300001100156300001000167490002300177490000800200IT-RoPAU120407s9999 xx 000 0 und d aIT-RoPAU cIT-RoPAU aita aLuigi Maggiore aPsiche e cecità. aRoma aStudium c1954 a126 p. c17 cm aUniversale Studium v131